00397nam a22001457a 4500003000400000020001800004082001900022100002100041245006500062250000600127260004600133300001000179650004400189700001800233OSt a9781849803144 a338.74bZAM/CO aZamagni, Stefano aCooperative enterprise:facing the challenge of globalization a1 aUKbEdward elgar publishing limitedc2010 a108p. aDevelopment of cooperation in the world aZamagni, Vera